The Potter's wheel (Record no. 4727)
[ view plain ]
| 000 -LEADER | |
|---|---|
| fixed length control field | 00433nam a22001577a 4500 |
| 008 - FIXED-LENGTH DATA ELEMENTS--GENERAL INFORMATION | |
| fixed length control field | 260428b |||||||| |||| 00| 0 eng d |
| 020 ## - INTERNATIONAL STANDARD BOOK NUMBER | |
| ISBN | 9789780695996 |
| 100 ## - MAIN ENTRY--AUTHOR | |
| Author | Ike, Chukwuemeka |
| 245 ## - TITLE STATEMENT | |
| Title | The Potter's wheel |
| 260 ## - PUBLICATION, DISTRIBUTION, ETC. (IMPRINT) | |
| Place of publication | Ibadan |
| Name of publisher | University Press Plc |
| Date of publication | 1993 |
| 300 ## - COLLATION | |
| Pagination | vi, 265p. |
| 650 ## - TRACINGS | |
| Main Subject | English- Literature |
| Subdivision (1st) | Nigeria-English-Literature- Fiction |
| 942 ## - ADDED ENTRY ELEMENTS (KOHA) | |
| Item type | Books |
| 050 ## - LIBRARY OF CONGRESS CALL NUMBER | |
| Classification number | PR9387.9 |
| Item number | .I44 |
No items available.